000 00243nam a2200097Ia 4500
001 1250283
005 20251031150853.0
008 251031s9999 xx 000 0 und d
245 0 _cBARAN AYDIN
_aA-5 10'LAR KONSEYİ
260 _bDESTEK YAYINLARI
999 _c1250283
_d1250283